000
00310nam a22001337a 4500
008
181023b xxu||||| |||| 00| 0 eng d
020
_a
2740240312966
041
_a
eng
080
_2
8 ED
_a
575
100
_a
6
101
_a
BIO
245
_a
General Organic And Biochemistry
_c
Caret.R.L
942
_2
udc
_c
BK
999
_c
50607
_d
50607